000
00292nam a22001337a 4500
008
181031b xxu||||| |||| 00| 0 eng d
020
_a
9780674400016
041
_a
eng
080
_a
940
100
_a
16
101
_a
SHH
245
_a
A History of Private Life
_c
Duby,G
942
_2
udc
_c
BK
999
_c
51229
_d
51229